00861nam a2200217 a 450000100060000000300080000600500170001400800410003103500190007204000350009104100080012608200250013410000190015924501490017826000800032730000370040750200860044450400340053065000290056470000500059383789BD-RjUL20240521105542.0240521s2003 bg a|||| m||| 00| 0 eng d a(BD-RjUL)83789 aBD-RjULbengcBD-RjULdBD-RjUL aeng 223a595.76bHAC 2003 aHasnat, Habiba10aCombined Action of Dimilin and Deltamethrin on Tribolium castaneum (Herbst) / cBy Habiba Hasnat ;6Sopervisor : K. A. M. Shhadat Hossain Mondal aRajshahi :bInstitute of Biological Sciences, University of Rajshahi,c2003 av, 273 Leaves : bill, ;c29 cm. aThesis (Ph. D.) -- Institute of Biological Sciences, University of Rajshahi, 2003 aReferences : Leaves [135]-212 aArthropodavDeltamethrin aMondal, K. A. M. Shhadat Hossain, Sopervisor